| 000 | 00824nam a2200229Ia 4500 | ||
|---|---|---|---|
| 001 | 18578 | ||
| 003 | GE_BSU | ||
| 008 | 181216s||||||||xx |||||||||||||| ||und|| | ||
| 020 | _a9789941466786 | ||
| 040 | _cGE_BSU | ||
| 080 | _a821.353.1 | ||
| 100 | _aნინუა, რატი (ტატო) | ||
| 245 | _aზღვაურის გამაყრუებელ ხმაურში.... | ||
| 245 | _cრედ:რუსუდან ჭანტურიშვილი,მხატვ:ზურაბ ხარაბაძე | ||
| 260 | _aთბილისი | ||
| 260 | _bინტელექტი | ||
| 260 | _c1989 | ||
| 300 | _a387გვ;20სმ. | ||
| 653 | _aზღვაურის გამაყრუებელ ხმაურში... | ||
| 653 | _aლექსები | ||
| 942 | _cBK | ||
| 999 |
_c51587 _d51587 |
||